000 00318nam a22001457a 4500
008 210310b ||||| |||| 00| 0 eng d
020 _a9780078819360
041 _aeng
080 _a004
082 _a004
100 _a28
101 _aSHKI
245 _aHow Computers Really Work
_cPandit, M. S
942 _2udc
_cBK
999 _c56126
_d56126